[Event "IND-ch Challengers 53rd"]
[Site "Nagpur"]
[Date "2015.08.19"]
[Round "4"]
[White "Debashish, Dutta"]
[Black "Satyapragyan, Swayangsu"]
[Result "0-1"]
[WhiteElo "2070"]
[BlackElo "2397"]
[PlyCount "68"]
[EventDate "2015.08.17"]
[EventType "swiss"]
[EventRounds "13"]
[EventCountry "IND"]
[SourceTitle "EXT 2016"]
[Source "ChessBase"]
[SourceDate "2015.10.08"]
[SourceVersion "1"]
[SourceVersionDate "2015.10.08"]
[SourceQuality "1"]

1. e4 c5 2. Nc3 Nc6 3. f4 e6 4. Nf3 d5 5. d3 d4 6. Ne2 f5 7. e5 Nh6 8. g3 b6 9. Bg2 Bb7 10. 0-0 Be7 11. Kh1 Qd7 12. a3 Nf7 13. Rb1 a5 14. c3 0-0 15. c4 a4 16. h3 Na5 17. g4 fxg4 18. hxg4 Nh6 19. Nh2 Nb3 20. Ng3 b5 21. cxb5 Qxb5 22. f5 Nxc1 23. Qxc1 Bh4 24. Ne4 exf5 25. Qxc5 Qa6 26. gxf5 Nxf5 27. Nf6+ gxf6 28. Rxf5 Bxg2+ 29. Kxg2 Qxd3 30. exf6 Qxb1 31. f7+ Rxf7 32. Rxf7 Qg6+ 33. Kh1 Qxf7 34. Ng4 Qf3+ 0-1

[Event "New Delhi Parsvnath op 10th"]
[Site "New Delhi"]
[Date "2012.01.15"]
[Round "2"]
[White "Kuderinov, Kirill"]
[Black "Debashish, Dutta"]
[Result "1-0"]
[WhiteElo "2497"]
[BlackElo "2129"]
[PlyCount "59"]
[EventDate "2012.01.15"]
[EventType "swiss"]
[EventRounds "11"]
[EventCountry "IND"]
[SourceTitle "CBM 146 Extra"]
[Source "ChessBase"]
[SourceDate "2012.02.29"]
[SourceVersion "1"]
[SourceVersionDate "2012.02.29"]
[SourceQuality "1"]

1. e4 c5 2. Nf3 Nc6 3. Bb5 g6 4. Bxc6 dxc6 5. 0-0 Bg7 6. d3 Nf6 7. Nc3 0-0 8. Be3 b6 9. h3 Qc7 10. Nh2 Nd7 11. f4 f5 12. e5 Rd8 13. Qe1 Nf8 14. Nf3 Be6 15. b3 Bd5 16. Nxd5 cxd5 17. g4 e6 18. Qg3 Rd7 19. Kh1 Qc6 20. Rf2 Rc8 21. Rg1 Bh8 22. Rfg2 Kf7 23. gxf5 exf5 24. h4 h5 25. d4 Ke8 26. Rd1 Kd8 27. dxc5 bxc5 28. c3 Re7 29. b4 cxb4 30. cxb4 1-0

[Event "Wch U20 50th"]
[Site "Chennai"]
[Date "2011.08.07"]
[Round "6"]
[White "Debashish, Dutta"]
[Black "Gagare, Shardul"]
[Result "0-1"]
[WhiteElo "2127"]
[BlackElo "2223"]
[PlyCount "106"]
[EventDate "2011.08.02"]
[EventType "swiss"]
[EventRounds "13"]
[EventCountry "IND"]
[SourceTitle "CBM 143 Extra"]
[Source "ChessBase"]
[SourceDate "2011.08.29"]
[SourceVersion "1"]
[SourceVersionDate "2011.08.29"]
[SourceQuality "1"]

1. e4 c5 2. Ne2 Nc6 3. Nbc3 Nf6 4. g3 d5 5. exd5 Nd4 6. Bg2 Bg4 7. 0-0 Nxd5 8. f3 Bf5 9. d3 Nb4 10. Nxd4 cxd4 11. Nb5 a6 12. Na3 g6 13. Bd2 Nc6 14. Qe2 Bg7 15. Rae1 0-0 16. f4 Be6 17. Nc4 Rc8 18. a4 b5 19. axb5 axb5 20. Na3 Qb6 21. b3 Qc5 22. Bxc6 Rxc6 23. b4 Qd5 24. Qe4 Qd7 25. f5 gxf5 26. Qh4 Ra8 27. Bc1 Rc3 28. Bb2 Raxa3 29. Bxa3 Rxa3 30. Ra1 Rxa1 31. Rxa1 Bd5 32. Qf4 e5 33. Qh4 Bb7 34. Ra7 h6 35. Qh3 Qc6 36. Ra2 Qh1+ 37. Kf2 Qf3+ 38. Ke1 Qe3+ 39. Kf1 Bf3 40. Ra1 Qe2+ 41. Kg1 Qxc2 42. Qf1 e4 43. dxe4 fxe4 44. Rc1 Qd2 45. Rc8+ Kh7 46. Qh3 Qe3+ 47. Kf1 Qe2+ 48. Kg1 Qd1+ 49. Qf1 e3 50. Qxd1 Bxd1 51. Rd8 Bc2 52. Rd5 d3 53. Rxb5 e2 0-1

[Event "Commonwealth-ch"]
[Site "New Delhi"]
[Date "2010.05.12"]
[Round "5"]
[White "Ankit, R Rajpara"]
[Black "Debashish, Dutta"]
[Result "1-0"]
[WhiteElo "2350"]
[BlackElo "2160"]
[PlyCount "71"]
[EventDate "2010.05.10"]
[EventType "swiss"]
[EventRounds "11"]
[EventCountry "IND"]
[SourceTitle "CBM 136 Extra"]
[Source "ChessBase"]
[SourceDate "2010.07.02"]
[SourceVersion "2"]
[SourceVersionDate "2010.07.15"]
[SourceQuality "1"]

1. e4 c5 2. c3 Nc6 3. d4 cxd4 4. cxd4 d5 5. exd5 Qxd5 6. Nf3 e5 7. Nc3 Bb4 8. Bd2 Bxc3 9. Bxc3 e4 10. Ne5 Nxe5 11. dxe5 Ne7 12. Qc2 0-0 13. Rd1 Qxa2 14. Qxe4 Be6 15. Bd3 g6 16. 0-0 Nd5 17. Bd4 Rfd8 18. Bb1 Qa4 19. Bc5 Qc6 20. Bd6 Nb6 21. Qh4 Rd7 22. Bd3 Nc8 23. Ba3 Bd5 24. Be2 Nb6 25. Rc1 Qe6 26. Bg4 Qxe5 27. Bxd7 Nxd7 28. Rfe1 Qf5 29. Qg3 Bc6 30. Bb4 Nf6 31. Re5 Qd7 32. Bc3 Rd8 33. h3 Qd6 34. Rce1 Nd5 35. Re8+ Bxe8 36. Qxd6 1-0

[Event "New Delhi Parsvnath op 8th"]
[Site "New Delhi"]
[Date "2010.01.16"]
[Round "5"]
[White "Debashish, Dutta"]
[Black "Shashikant, Kutwal"]
[Result "1-0"]
[WhiteElo "2142"]
[BlackElo "2319"]
[PlyCount "71"]
[EventDate "2010.01.14"]
[EventType "swiss"]
[EventRounds "11"]
[EventCountry "IND"]
[SourceTitle "CBM 134 Extra"]
[Source "ChessBase"]
[SourceDate "2010.03.03"]
[SourceVersion "1"]
[SourceVersionDate "2010.03.03"]
[SourceQuality "1"]

1. e4 c5 2. Ne2 Nc6 3. Nbc3 d6 4. g3 g6 5. Bg2 Bg7 6. d3 e6 7. Be3 Nd4 8. Qd2 Rb8 9. 0-0 Ne7 10. f4 0-0 11. Rae1 b6 12. h3 Bb7 13. Nd1 f5 14. Rf2 Qd7 15. c3 Nxe2+ 16. Qxe2 Rbe8 17. Bf3 e5 18. Rh2 d5 19. Nf2 Kh8 20. h4 exf4 21. Bxf4 fxe4 22. dxe4 dxe4 23. Bg4 Nf5 24. h5 g5 25. Bxg5 Qd5 26. h6 Be5 27. Bxf5 Rxf5 28. Bh4 Rf3 29. Ng4 Bxg3 30. Qxf3 Bxh2+ 31. Kxh2 Qe6 32. Qf2 Qd6+ 33. Bg3 Qg6 34. Qf6+ Qxf6 35. Nxf6 Re7 36. Rd1 1-0

[Event "IND-ch U17 20th"]
[Site "Chakradharpur"]
[Date "2009.10.12"]
[Round "8"]
[White "Patel, Divya"]
[Black "Debashish, Dutta"]
[Result "0-1"]
[WhiteElo "1706"]
[BlackElo "2135"]
[PlyCount "120"]
[EventDate "2009.10.07"]
[EventType "swiss"]
[EventRounds "11"]
[EventCountry "IND"]
[SourceTitle "CBM 132 Extra"]
[Source "ChessBase"]
[SourceDate "2009.11.03"]
[SourceVersion "1"]
[SourceVersionDate "2009.11.03"]
[SourceQuality "1"]

1. d4 Nf6 2. c4 g6 3. Nc3 d5 4. cxd5 Nxd5 5. e4 Nxc3 6. bxc3 Bg7 7. Bc4 0-0 8. Ne2 c5 9. 0-0 Nc6 10. Be3 Qc7 11. Qc2 Na5 12. Bb3 cxd4 13. Bxd4 e5 14. Be3 Nc4 15. Bc1 b6 16. Bxc4 Qxc4 17. Ba3 Re8 18. Ng3 Be6 19. Rfd1 Rac8 20. Rd3 h5 21. f3 h4 22. Nf1 Red8 23. Rxd8+ Rxd8 24. Be7 Rc8 25. Bxh4 Qxc3 26. Qxc3 Rxc3 27. Be7 Rc7 28. Bd6 Rc6 29. Bb8 a6 30. a4 f6 31. Rd1 Bf8 32. Rd8 Kf7 33. Kf2 Be7 34. Rd2 Bc5+ 35. Kg3 Ke7 36. a5 b5 37. Rc2 Rc8 38. f4 Bc4 39. fxe5 Rxb8 40. Nd2 fxe5 41. Nxc4 bxc4 42. Rxc4 Kd6 43. Kg4 Rb2 44. g3 Rxh2 45. Kg5 Rg2 46. Rc3 Bf2 47. g4 Bd4 48. Rf3 Kc5 49. Rf6 Be3+ 50. Kxg6 Rxg4+ 51. Kf5 Rf4+ 52. Kxe5 Rxf6 53. Kxf6 Bd4+ 54. Ke6 Kb5 55. Kd5 Bf2 56. e5 Bh4 57. e6 Be7 58. Kd4 Kxa5 59. Kc4 Kb6 60. Kb3 Kb5 0-1

[Event "IND-chB 45th"]
[Site "Dindigul"]
[Date "2007.06.11"]
[Round "1"]
[White "Sanjay, N."]
[Black "Debashish, Dutta"]
[Result "1-0"]
[WhiteElo "2339"]
[BlackElo "2025"]
[PlyCount "79"]
[EventDate "2007.06.11"]
[EventType "swiss"]
[EventRounds "12"]
[EventCountry "IND"]
[SourceTitle "CBM 119 Extra"]
[Source "ChessBase"]
[SourceDate "2007.09.04"]
[SourceVersion "1"]
[SourceVersionDate "2007.09.04"]
[SourceQuality "1"]

1. Nf3 Nf6 2. c4 c5 3. g3 g6 4. Nc3 Bg7 5. d4 cxd4 6. Nxd4 Nc6 7. Nc2 d6 8. Bg2 Be6 9. b3 0-0 10. 0-0 Rc8 11. h3 Qd7 12. h4 Nh5 13. Bb2 Bh3 14. e4 Bxg2 15. Kxg2 Qe6 16. Re1 Bf6 17. Ne3 Kh8 18. f4 a6 19. a4 Nb4 20. a5 Kg8 21. Ned5 Nxd5 22. cxd5 Qd7 23. e5 dxe5 24. fxe5 Bxh4 25. gxh4 Nf4+ 26. Kg3 Qf5 27. Qf3 Nh5+ 28. Kf2 Nf4 29. Kg3 Nh5+ 30. Kg2 Qc2+ 31. Re2 Qxb3 32. d6 Qe6 33. Rd1 Rc4 34. Re4 Rxe4 35. Nxe4 exd6 36. exd6 f5 37. d7 Rd8 38. Nc5 Qc4 39. Qb3 Qxb3 40. Nxb3 1-0